Diseños en Banderas Nacionales - ¡Muerte Súbita! - Estadísticas

Estadísticas generales
  • Esta prueba ha sido intentada 393 veces
  • La puntuación promedio es 7 de 18
Answers on the Grid
Answers color-coded by a green-red scale on the quiz's grid according to % correct below.
 
Estadísticas de respuestas
Respuesta % Correcto
Pakistán
62%
Barbados
59%
Antigua y Barbuda
59%
Burkina Faso
58%
Catar
57%
Liechtenstein
52%
India
50%
Singapur
49%
Turkmenistán
43%
Lesoto
38%
Namibia
34%
Georgia
32%
Corea del Sur
31%
Eritrea
24%
Granada
18%
Irán
13%
Nueva Zelanda
12%
Mongolia
10%
No se encontraron pruebas coincidentes
Distribución de puntuación
Porcentaje de gente con cada puntuación
Porcentaje por número respondido
Historial de tus puntuaciones
No has intentado esta prueba.